=LDR 00000nam 2200000 4500 =001 INLIS000000000029637 =005 20130612131844 =008 ***********************************Ind** =035 ##$$0010-061300000029637 =041 ##$$a Ind =082 ##$$a 746.4 =090 ##$$a 746.4, Bus k =100 ##$$a Busra, A.J =245 ##$$a Kreasi menyulam alfabet, oleh A.J Boersa ; penyunting, Ida Ayu Maruti =260 ##$$a 2007 $b Jakarta =300 ##$$a viii, 46 hlm, ilus, 22 cm =650 ##$$a Menyulam =700 ##$$a Maruti, ida Ayu =850 ##$$a NBPNMAT